00644nam a2200157 a 450000100100000000500170001000800410002704000250006808200150009310000390010824500680014726000590021530000230027495201720029799900170046900004604320201002052612.0150612s1961 nyu 000 0 spa d aDO-SdBNPbspacBNPHU axxxxbxxxx1 aBallester, César Vinicio,97411914aLos patriotas :bdrama dominicano /cCésar Vinicio Ballester. aNew York, N. Y. :bSpanish-American Print. Co.,c1961. a61 pages ;c20 cm. 001050718MOaPDbPDcCTd2015-06-12iLF1l0oxxxx xxxxp46043-10r2020-06-25w2020-06-25y1zPerteneció a la biblioteca personal de Erick Landestoy.ZNo se presta c45532d45532